MAASAI MARA UNIVERSITY

LIBRARY CATALOGUE

Contact Us: +254 020 2685356/7 or 0774 057787

Box: 861-20500, NAROK, KENYA

Email: info@mmarau.ac.ke

Microsoft office 2003 : (Record no. 13015)

MARC details
000 -LEADER
fixed length control field 00665nam a2200229Ia 4500
003 - CONTROL NUMBER IDENTIFIER
control field OSt
005 - DATE AND TIME OF LATEST TRANSACTION
control field 20220407080452.0
008 - FIXED-LENGTH DATA ELEMENTS--GENERAL INFORMATION
fixed length control field 151021s9999 xx 000 0 und d
020 ## - INTERNATIONAL STANDARD BOOK NUMBER
International Standard Book Number 1418859311
040 ## - CATALOGING SOURCE
Original cataloging agency MMU
Language of cataloging eng.
Transcribing agency MMU
Modifying agency MMU
050 ## - LIBRARY OF CONGRESS CALL NUMBER
Classification number HF 5548.4 .M525 S72933 2003
100 ## - MAIN ENTRY--PERSONAL NAME
Personal name Shelly Cashman Vermaa
245 ## - TITLE STATEMENT
Title Microsoft office 2003 :
Statement of responsibility, etc. Shelly Cashman Vermaa.
Remainder of title Brief Concepts and Techniques/
250 ## - EDITION STATEMENT
Edition statement 2nd ed.
260 ## - PUBLICATION, DISTRIBUTION, ETC. (IMPRINT)
Place of publication, distribution, etc. Mexico :
Name of publisher, distributor, etc. Thomson,
Date of publication, distribution, etc. 2003.
300 ## - PHYSICAL DESCRIPTION
Extent xvi,159 p. :
500 ## - GENERAL NOTE
General note Includes index
500 ## - GENERAL NOTE
General note Includes index
650 ## - SUBJECT ADDED ENTRY--TOPICAL TERM
Topical term or geographic name as entry element _Microsoft office
942 ## - ADDED ENTRY ELEMENTS (KOHA)
Source of classification or shelving scheme Library of Congress Classification
Koha item type L
980 ## - EQUIVALENCE OR CROSS-REFERENCE-SERIES STATEMENT--PERSONAL NAME/TITLE [LOCAL, CANADA]
Personal name ^d20130506 11:25:35^oanne
Holdings
Withdrawn status Lost status Source of classification or shelving scheme Damaged status Not for loan Home library Current library Date acquired Source of acquisition Total Checkouts Full call number Barcode Date last seen Price effective from Koha item type
    Library of Congress Classification     Maasai Mara University Library -Main Campus Maasai Mara University Library -Main Campus 07/11/2016 donation   HF5548.4 .M525S729332003 201212032 07/11/2016 07/11/2016 L
© 2016 Maasai Mara University.